000 00681nam a22002057a 4500
005 20140110112427.0
010 _aENG-108999
020 _a9788180389771
_c845.00
035 _aEN-92532
037 _bDBAD/PUB
082 _a346.540486
100 _aChopra, Sheetal
245 _aPatent agent examination :
_cby Sheetal Chopra [and] Akash Taneja
_ba book for students and industry professionals /
250 _a3rd ed
260 _aGurgaon
_bLexis Nexis
_c2013
270 _a14th floor, Building No 10, Tower-B, DLF Cyber City, Phase-ll,
_bGurgaon
_e122002
300 _axxi,714p.
_c24cm(pbk)
700 _dTaneja, Akash
942 _2ddc
_cEN
_mCHO
_h346.540486
999 _c81453
_d81453